| 000 | 01745cam a22002655a 4500 | ||
|---|---|---|---|
| 008 | 241001t2024 xxk f 000 0 eng u | ||
| 020 | _a9781783211098v.2 | ||
| 041 | 0 | _aeng | |
| 050 | 0 | 4 | _a380.1 $2 18 |
| 110 | 2 |
_aRoyal Institution of Chartered Surveyors _94900 |
|
| 245 | 0 | 0 |
_aAuctioneers selling real estate 7th edition (incorporating Common Auction Conditions 5th edition) _h[electronic resource] |
| 250 | _a7th ed (with CAC 5th edition) | ||
| 260 |
_aLondon _bRICS _cJuly 2024 |
||
| 300 | _a68p. | ||
| 490 | 0 | _aRIS Practice Information | |
| 490 | 0 | _aRICS Professional Standard | |
| 520 | _aNow a professional statement not a guidance note, 7th edition incorporates Common Auction Conditions 5th edition at the end of the professional statement and revises guidance on guide prices following recent decisions from the Advertising Standards Authority. Effective from 1st April 2018. | ||
| 520 | _aThe first part supersedes the edition of the same ISBN and same number, however incorporates a 5th edition of the Common Auction Conditions whereas the original 2018 edition incorporated a 4th edition. | ||
| 520 | _aThis document was originally published in March 2018 as an RICS professional statement and reissued in October 2023 as an RICS professional standard and then reissued in July 2024 with the 5th edition of the Common Auction Conditions. | ||
| 650 | 2 | 4 | _aReal Estate Agency Code |
| 651 | 4 | _aEngland and Wales | |
| 690 |
_aAuctioneering _96218 |
||
| 856 | 4 | 0 |
_uhttps://www.rics.org/profession-standards/rics-standards-and-guidance/sector-standards/real-estate-standards/auctioneers-selling-real-estate-incorporating-common-auction-conditions _z2024 version with 5th edition of CAC free on RICS.org |
| 942 |
_n0 _2ddc |
||
| 999 |
_c122016 _d122016 |
||